| 000 | 01558nam a22003614a 4500 | ||
|---|---|---|---|
| 001 | ebr10375774 | ||
| 003 | CaPaEBR | ||
| 006 | m u | ||
| 007 | cr cn||||||||| | ||
| 008 | 090821s2010 caua sb 000 0 eng | ||
| 010 | _z 2009032280 | ||
| 020 | _z9780833047786 (pbk. : alk. paper) | ||
| 040 |
_aCaPaEBR _cCaPaEBR |
||
| 035 | _a(OCoLC)647899627 | ||
| 043 | _an-us-ny | ||
| 050 | 1 | 4 |
_aLB3063 _b.M285 2010eb |
| 082 | 0 | 4 |
_a371.2/8097471 _222 |
| 100 | 1 |
_aMcCombs, Jennifer Sloan, _d1970- |
|
| 245 | 1 | 0 |
_aEnding social promotion without leaving children behind _h[electronic resource] : _bthe case of New York City / _cJennifer Sloan McCombs, Sheila Nataraj Kirby, Louis T. Mariano, editors. |
| 260 |
_aSanta Monica, CA : _bRAND, _c2010. |
||
| 300 |
_axxxiv, 273 p. : _bill. |
||
| 490 | 1 | _aRAND Corporation monograph series | |
| 504 | _aIncludes bibliographical references (p. 263-273). | ||
| 533 |
_aElectronic reproduction. _bPalo Alto, Calif. : _cebrary, _d2013. _nAvailable via World Wide Web. _nAccess may be limited to ebrary affiliated libraries. |
||
| 650 | 0 |
_aPromotion (School) _zNew York (State) _zNew York _vCase studies. |
|
| 650 | 0 |
_aGrade repetition _zNew York (State) _zNew York _vCase studies. |
|
| 655 | 7 |
_aElectronic books. _2local |
|
| 700 | 1 |
_aKirby, Sheila Nataraj, _d1946- |
|
| 700 | 1 | _aMariano, Louis T. | |
| 710 | 2 | _aebrary, Inc. | |
| 830 | 0 | _aRand Corporation monograph series. | |
| 856 | 4 | 0 |
_uhttp://site.ebrary.com/lib/rucke/Doc?id=10375774 _zAn electronic book accessible through the World Wide Web; click to view |
| 999 |
_c96633 _d96633 |
||